00901nam a22002057a 4500003000900000008004100009040007100050082001800121100002000139245002800159260004800187300002800235505027700263650001900540650001200559650001200571700002800583700003700611710004700648AR-CdUCM190508b ||||| |||| 00| 0 spa d aMUNICIPALIDAD PROVINCIAL DEL CUSCOcBIBLIOTECA MUNICIPAL DEL CUSCO a338.52 /bH26 aHaveman, Robert aEl sistema de precios / aBuenos Aires :bAmorrortu Editores, c1970. a319 páginas ;c20 cm. aContenido: Tipos de economía y economización -- Apéndice al capítulo 1 -- Economía de mercado. modelo de un sistema económico simple -- Las familias como unidad de decisión -- Apéndice al capítulo 3 -- La empresa competitiva como unidad de decisión ... aOferta demanda aPrecios aMercado aKnopf, Kenyon (coautor) aConstante, Susana (traducción) aCentro Regional de Ayuda Técnia - A.I.D.